Proyecto de ley general de la navegación

Guardat en:
Dades bibliogràfiques
Autor principal: Malvagni, Atilio (autor)
Format: Llibre
Idioma:espanyol
Publicat: Buenos Aires Dirección Nacional de Institutos Penales 1960
Matèries:
Etiquetes: Afegir etiqueta
Sense etiquetes, Sigues el primer a etiquetar aquest registre!

MARC

LEADER 00000nam a2200000 a 4500
001 UCR4314
003 CL-VaPUC
008 980307e19600000AG |||||||||||||||||spa|d
082 0 4 |a 343.096  |b MAL  |2 21 
100 |a Malvagni, Atilio  |e autor  |9 404208 
245 1 0 |a Proyecto de ley general de la navegación 
300 |a 306 p 
942 |c BK 
945 |d 19980307 00:00:00  |a crobeson 
260 |a Buenos Aires  |b Dirección Nacional de Institutos Penales  |c 1960 
650 0 |a Derecho marítimo  |9 255301 
650 7 |a LEGISLACION  |2 CL-VaPUC  |9 404209 
650 0 |a Derecho argentino  |9 385298 
651 0 |a Argentina  |9 254888 
583 |a last modification  |c 19980307 00:00:00  |k Rodrigo Vera 
999 |c 267260  |d 267258 
952 |0 0  |1 0  |4 0  |6 343_096000000000000_MAL_1960  |7 0  |8 X  |9 299524  |a BIBDER  |b BIBDER  |d 2019-11-20  |i 1949500  |o 343.096 MAL 1960  |p 1949500  |r 2023-01-25  |w 2019-11-20  |y BK_X  |k DER